Pokemon Arenaleiter TM Quiz - Statistiken

Allgemein
  • Dieses Quiz wurde 79 mal gespielt
  • Das Durchschnittsergebnis liegt bei 53 aus 72
Antwortstatistiken
Arenaleiter Attacke % Korrekt
Misty Blubbstrahl/Aquawelle/Siedewasser
100%
Wassili Aquawelle/Kaskade
97%
Major Bob Donnerblitz/Schockwelle
97%
Juan Aquawelle
95%
Rocko Geduld/Kopfnuss/Steinhagel/Felsgrab
95%
Giovanni Geofissur/Erdbeben
95%
Wibke Aero-Ass/Ruheort
94%
Citro Donnerblitz
94%
Walter Schockwelle/Voltwechsel
92%
Janina Toxin/Gifthieb
92%
Pyro Feuersturm/Hitzekoller
90%
Erika Megasauger/Gigasauger
90%
Koga Toxin
90%
Felizia Felsgrab
87%
Lino Felsgrab
87%
Mac Felsgrab
87%
Falk Lehmschelle/Ruheort
86%
Jens Spukball
86%
Etta Spukball
86%
Tulia Psychokinese
84%
Norman Fassade/Heimzahlung
83%
Flavia Hitzekoller
83%
Norbert Eissturm/Hagelsturm
81%
Sandra Feuerodem/Drachenpuls
81%
Kamillo Protzer
81%
Sabrina Psywelle/Gedankengut/Wertewechsel
79%
Kamilla Voltwechsel
79%
Enigmara Voltwechsel
79%
Kai Zornklinge/Kehrtwende
79%
Mel Eissturm
78%
Silvana Strauchler
78%
Amaro Strauchler
78%
Hilda Ableithieb
76%
Jasmin Eisenschweif
76%
Hartwig Wuchtschlag/Power-Punch
76%
Galantho Eisstrahl
75%
Ben + Svenja Gedankengut
75%
Astrid Gedankengut
75%
Adam Lichtkanone
75%
Aloe Heimzahlung
73%
Veit Tarnsteine
73%
Bianka Anziehung
71%
Wellenbrecher Marinus Lake
71%
Frida Lawine
71%
Aoki Fassade
70%
Artie Käfertrutz
70%
Benny/Maik/Colin Kraftschub
70%
Cheren Kraftschub
70%
Lysander/Lilia Drachenrute
68%
Valerie Zauberschein
68%
Turner Dampfwalze
67%
Lamina Dunkelklaue
67%
Kabu Irrlicht
67%
Mica Giftschock
63%
Volkner Ladestrahl
63%
Nio Bürde
62%
Sandro Eisesodem
60%
Viola Plage
60%
Blau Bizarroraum
59%
Benson Siedewasser
59%
Connie Steigerungshieb
59%
Yarro Zauberblatt
57%
Geraldine Akrobatik
54%
Roy Breitseite
54%
Kate Whirlpool
51%
Papella Diebeskuss
49%
Colzo Wegbereiter
48%
Nezz Standpauke
46%
Crusha Eiskreisel
44%
Ronah Anspringen
43%
Kombu Kalte Dusche
43%
Saida Vergeltung
41%
Keine übereinstimmenden Quizze gefunden
Verteilung der Resultate
Anzahl Personen mit jedem Resultat
Perzentil nach korrekt beantworteten Fragen
Ihre Resultats-Entwicklung
Sie haben dieses Quiz noch nicht gespielt